Surnames - Multiple Choice #2 - Statistics

General Stats
  • This quiz has been taken 24 times
    17 since last reset
  • The average score is 11 of 15
Answer Stats
Question Answer % Correct
Salah Arabic
100%
Reynolds English
100%
Bureau French
100%
Müller German
100%
Patel Indian
100%
Kaminski Polish
100%
Stanciu Romanian
100%
Demir Turkish
100%
Damgaard Danish
50%
Stamos Greek
50%
Smirnov Russian
50%
Blair Scottish
50%
Johansson Swedish
50%
Tran Vietnamese
50%
Choi Korean
0%
No matching quizzes found
Score Distribution
Percent of People with Each Score
Percentile by Number Answered
Your Score History
You have not taken this quiz since the last reset